000
00223 a2200109 4500
001
9025
082
_a
808.888 SUT
090
_c
7209
_d
7209
100
_a
Sutherland, J
245
_a
On English Prose
_h
English
260
_b
U T P
_a
1960
942
_a
NUST-CAE
999
_c
244098
_d
244098